00889nam a22001937a 4500003000800000008004100008037000800049040003500057041000800092080001000100100003100110245020800141260007000349300002300419500015300442650004700595655002300642700003000665BI-BuBU260416b2025 bd fr|||| 000 0 fre d bdon aBI-BuBUbfrecBI-BuBUdBI-BuBU0 afre a519.21 4aut.aNsabiyumva, Desiré10aCompararaison de la puissance du test statistique de la moyenne studentisée sous les approximations pour la loi normale standard et la loi de student c Desiré Nsabiyumva ; Menus Nkurunziza,directeur aBujumburabUniversiité du Burundi, Faculté des Sciencesc2025 aXIII-33 f.c30 cm. aMémoire présenté et défendu publiquement en vue de l'obtention du diplôme de master en Sciences Mathématiques Fondamentales Appliquées 72BI-BuBUaStatistique moyenne studentisée 72BI-BuBUamémoire 4dir.a Nkurunziza , Menus